|
|
|
|
| LEADER |
00000nam0a2200000 4500 |
| 001 |
103293 |
| 005 |
20231031113608.0 |
| 035 |
|
|
|a (RuTPU)RU\TPU\book\111366
|
| 090 |
|
|
|a 103293
|
| 100 |
|
|
|a 20061013d1980 k y0rusy50 ca
|
| 101 |
0 |
|
|a rus
|
| 102 |
|
|
|a RU
|
| 105 |
|
|
|a a z 001zy
|
| 200 |
1 |
|
|a Управление микроклиматом жилых и общественных зданий
|e сборник научных трудов
|f Челябинский политехнический институт (ЧелПИ); под ред. В. П. Туркина
|
| 210 |
|
|
|a Челябинск
|c Челябинский политехнический ин-т
|d 1980
|
| 215 |
|
|
|a 148 с.
|c ил.
|
| 225 |
1 |
|
|a Тематический сборник научных трудов [Челябинского политехнического института]
|v № 253
|
| 320 |
|
|
|a Библиография в конце статей
|
| 610 |
1 |
|
|a жилые здания
|
| 610 |
1 |
|
|a общественные здания
|
| 610 |
1 |
|
|a микроклимат
|
| 610 |
1 |
|
|a управление
|
| 610 |
1 |
|
|a научные разработки
|
| 675 |
|
|
|a 628.8
|v 3
|
| 702 |
|
1 |
|a Туркин
|b В. П.
|4 340
|
| 712 |
0 |
2 |
|a Челябинский политехнический институт (ЧелПИ)
|c (1951-1990)
|2 stltpush
|3 (RuTPU)RU\TPU\col\7924
|
| 801 |
|
1 |
|a RU
|b 63413507
|c 20061013
|g PSBO
|
| 801 |
|
2 |
|a RU
|b 63413507
|c 20170622
|g PSBO
|
| 942 |
|
|
|c BK
|